000
00277nam a22001217a 4500
082
_a
823
_b
BAU/W
245
_a
THE WIZARD OF OZ
_b
SHORT STORY
246
_a
THE WIZARD OF OZ
_b
SHORT STORY
260
_a
NEWYORK
_b
INC PUBLISHERS
300
_a
235
520
_a
SHORT STORY
942
_c
BK
999
_c
330
_d
330